000 00657nam a22002057a 4500
003 OSt
005 20260422053023.0
008 260422b |||||||| |||| 00| 0 eng d
020 _a978-0-07-108578-6.
040 _aDWC-Main lib
_cOC
082 _2 9th ed.
_aCirc. 150 F312 u 2009
100 _aFeldman, Robert S.
245 _aUnderstanding Psychology/
_cRobert S. Feldman
250 _a 9th ed.
260 _bMcGraw-Hill Higher Education,
_cc 2009
300 _aliii
_b,(various paging) : ill. ;
_c26 cm.
504 _aIncludes bibliogaphical referencs & indexes.
650 _a1. Psychology-Textbooks.
942 _2ddc
_cBK-CIRC
_e9th ed.
_kCirc.
_n0
999 _c9681
_d9681